Derby County - Statistics

General Stats
  • This quiz has been taken 313 times
  • The average score is 10 of 15
Answer Stats
Hint Answer % Correct
What position does club captain Shaun Barker play in? Centre Back
83%
What name links Derby County and Coldplay? Chris Martin
83%
What is Derby County's nick name? The Rams
83%
What was the points total in this season? 11
81%
Which team did Derby beat in their 2007-08 Premier League season? Newcastle United
81%
Who was the manager of Derby County before Steve McClaren? Nigel Clough
76%
Who is Derby County's all time leading goalscorer? Steve Bloomer
73%
Against which team did Kris Commons score a 27 yard winner against in the Carling Cup Semi-final in 2009? Manchester United
68%
Which goalkeeper did Derby County sign from Burnley in 2013? Lee Grant
66%
What nationality is attacker Jamie Ward? Nothern Irish
66%
Which club did Derby County sign forward Johnny Russell from in 2013? Dundee United
60%
Who scored the winning goal in Derby County's 2-1 win over Nottingham Forest after being reduced to 10 men in the 2011-2012 season? Jeff Hendrick
59%
What colour was Derby County's away kit for the 2011-12 season? Purple
39%
What was the score when Derby met Watford at Pride Park in the 2012-13 season? 5-1
33%
Who scored the 3rd goal of the previously mentioned game against Watford? Connor Sammon
11%
No matching quizzes found
Score Distribution
Percent of People with Each Score
Percentile by Number Answered
Your Score History
You have not taken this quiz